Statistiken für UEFA-Mitgliedsnationen nach Abzeichen

Klicken Sie hier um das Quiz zu spielen!

Allgemein

  • Dieses Quiz wurde 191 mal gespielt
  • Das Durchschnittsergebnis liegt bei 34 aus 55

Antwortstatistiken

Antwort% Korrekt
Türkei
97%
Deutschland
93%
England
91%
Italien
91%
Norwegen
91%
Wales
91%
Albanien
90%
Schweden
90%
Finnland
89%
Kroatien
89%
Österreich
89%
Schottland
88%
Zypern
88%
Belgien
87%
Slowakei
87%
Griechenland
86%
Nordirland
86%
Niederlande
83%
Portugal
82%
Spanien
81%
Frankreich
80%
Bosnien und Herzegowina
78%
Irland
78%
Montenegro
78%
Polen
78%
Slowenien
71%
Aserbaidschan
69%
Moldawien
66%
Ungarn
63%
Ukraine
60%
Andorra
59%
Dänemark
58%
Weißrussland
58%
Schweiz
50%
Tschechien
49%
Russland
47%
Färöer
46%
Armenien
45%
Island
42%
Gibraltar
40%
Serbien
40%
Kasachstan
37%
Liechtenstein
37%
Rumänien
37%
Israel
34%
Kosovo
29%
Nordmazedonien
29%
Luxemburg
28%
San Marino
27%
Malta
25%
Estland
24%
Lettland
24%
Litauen
15%
Georgien
14%
Bulgarien
11%

Verteilung der Resultate

Perzentil nach korrekt beantworteten Fragen

Anzahl Personen mit jedem Resultat

Ihre Resultats-Entwicklung

Sie haben dieses Quiz noch nicht gespielt